00344 a2200109 4500001001000000005001700010008004100027245003100068100002100099700001800120773009600138ART_1479820260410161614.0260409a 10aMotivación de empleados:1 aGroysberg, Boris1 aNohria, NItin0 tHarvard Business ReviewgAfinar su ventaja competitiva - Vol. 86. Nº 7 (jul. 2008)wREV340